00596nam a22001817a 4500008004100000020001500041050001900056100002200075245012000097250001300217260005800230300002700288500002000315650002300335650002400358650001400382700001800396161220b xxu||||| |||| 00| 0 eng d a0443008442 aRC46 .P75 1968 aDavidson, Stanley aThe principles and practice of medicine :ba textbook for students and doctors/cStanley Davidson and John Macleod. a10th ed. aBaltimore :bThe Williams and Wilkins Company,c1968. axxii, 1196p. :bill. ; aIncludes index. aInternal medicine. aMedicinexpractice. aMedicine. aMacleod, John